000 00595nam a2200205 a 4500
001 52788
003 BD-RjUL
005 20211209075848.0
008 160927s1962 pk ||||| |||| 00| 0 eng d
035 _a(BD-RjUL)52908
040 _aBD-RjUL
_beng
_cBD-RjUL
041 _aeng
082 _223
_a344.1095491
_bCUR 1962
245 o o _a Close Current labour code of Pakistan (central) /
260 _aLahore :
_bBureau of labour,
_c1962
300 _a347 p. ;
_c23 cm.
650 _aLabor laws and legislation
_zPakistan.
_9157864
700 _aShafi, M. edited
_9157865
942 _2ddc
_cBK
999 _c52788
_d52788